Gaming Quiz

Random Gaming or Nintendo Quiz
Score 0/40 Timer 05:00
15 Plays Today
% Correct
Abra
84.1%
Arbok
83.7%
Alakazam
83.5%
Arcanine
83.2%
Aerodactyl
82.5%
Articuno
79.2%
Abomasnow
76.5%
Aron
75.9%
Aipom
75.1%
Aggron
72.1%
Azurill
72.1%
Absol
71.1%
Azumarill
70.1%
Altaria
68.9%
Ambipom
68.9%
Arceus
67.9%
Ampharos
67.8%
Araquanid
64.4%
Arrokuda
64.2%
Azelf
63.9%
% Correct
Axew
63.2%
Ariados
63.2%
Anorith
63.2%
Applin
61.9%
Alcremie
61.9%
Amoonguss
61.6%
Aegislash
60.2%
Audino
60%
Armaldo
59.9%
Appletun
58.6%
Arctozolt
58%
Archen
57.9%
Aromatisse
57.5%
Accelgor
56.6%
Alomomola
56.3%
Avalugg
53.6%
Amaura
53.3%
Arctovish
52.9%
Aurorus
52.8%
Archeops
52.2%
Remove Ads.
Support Sporcle.
Get the best of Sporcle when you Go Orange. This ad-free experience offers more features, more stats, and more fun while also helping to support Sporcle. Thank you for becoming a member.

You're not logged in!

Compare scores with friends on all Sporcle quizzes.
OR
Log In

Show Comments

Extras

Top Quizzes Today


Score Distribution

Your Account Isn't Verified!

In order to create a playlist on Sporcle, you need to verify the email address you used during registration. Go to your Sporcle Settings to finish the process.

Report this User

Report this user for behavior that violates our Community Guidelines.

Details: